Normal view
MARC view
- Bolton, A
Entry Personal Name
001 - CONTROL NUMBER
- control field: 7479
003 - CONTROL NUMBER IDENTIFIER
- control field: OSt
005 - DATE AND TIME OF LATEST TRANSACTION
- control field: 20250512143802.0
008 - FIXED-LENGTH DATA ELEMENTS
- fixed length control field: 250512|| aca||aabn | a|a d
040 ## - CATALOGING SOURCE
- Original cataloging agency: OSt
- Transcribing agency: OSt
100 ## - HEADING--PERSONAL NAME
- Personal name: Bolton, A
670 ## - SOURCE DATA FOUND
- Source citation: Work cat.: (OSt)7141: Merchant, W . 7478, Introduction to the theory of structures / , 1962.
